000 00930nam a2200229 i 4500
001 35787
003 ES-MaACL
005 20250721062559.0
007 t|
008 030214s1947 sp ||||1| spa d
100 1 _aBoulding, Kenneth E.
_930904
245 1 0 _aAnálisis económico /
_cKenneth E. Boulding ; [traducción directa de la 1ª edición norteamericana por Juan A. Bramtot ; revisión del texto español, en colaboración con el propio traductor, por Miguel Paredes Marcos].
260 _aMadrid :
_bRevista de Occidente,
_c[1947] (
_fImp. Viuda de Galo Sáez)
300 _aXVI, 791 p. ;
_c23 cm.
490 1 _aBiblioteca de la ciencia económica ;
_v6
650 0 7 _aEconomía
_2embne
_912006
700 1 _aBramtot, Juan A.
_931318
700 1 _aParedes Marcos, Miguel,
_d1910-1976
_989053
830 1 _aBiblioteca de la ciencia económica ;
_v6
_9182033
852 _aES-MaACL
_jC-4732
999 _c35787
_d35787